000 02449aam a2200313 i 4500
001 768714001
003 CO-MdFUSB
005 20210226142458.0
007 ta
008 210226t1995 -us |||| |||| 00| 0 eng d
020 _a0310496616
040 _bspa.
_aCO-MdFUSB
_cCO-MdFUSB
_dCO-MdFUSBC
_erda
041 _aeng
082 0 4 _223
_a277.3
_b D853r
100 1 _aDuewel, Wesley L.
_eautor
245 1 0 _aRevival fire
_c/ Wesley Duewel
264 1 _aGrand Rapids, MI., USA :
_bZondervan Publishing House,
_c[1995]
264 4 _c© 1995
300 _a382 páginas
_c; 21 cm
336 _atexto
_btxt
_2rdacontent
337 _2rdamedia
_asin mediación
_bn
338 _2rdacarrier
_avolumen
_bnc
505 _aEl Dios que bendice - Cuando el fuego realmente cayó - Avivamiento: ¿bendición o juicio? - Renovación bajo padre e hijo - Ezequías: nunca es demasiado tarde - El avivamiento de un monje - Amanece el Gran Despertar - George Whitefield: ardiendo para Dios - El ministerio continuo de Whitefield - Wesley el avivador - Los avivamientos del metodismo - - Incendios de avivamiento siguen a Finney - Incendios de avivamiento se extienden al centro de Nueva York - Ciudades en llamas - Oberlin y más allá - La oración de avivamiento enciende el fuego de avivamiento - La gloria de Dios sobre la tierra y el mar - Al otro lado del mar hasta el Ulster - La conexión de Belfast - El año de gracia irlandés - El avivamiento de oración de 1859 en Gales - Fuegos de avivamiento en Sudáfrica - Preparación de la oración - La visión de Evan Roberts - Canciones de avivamiento en Gales del Sur - La llama que se extiende - 1901-1910: la década del avivamiento - Cosecha en América - Avivamiento en el Mukti de Ramabai - La oración transforma el centro y norte de la India - Un año de bendición para el sur de la India - Un avivamiento en el estado de Andhra - Poderosas olas de avivamiento en el noreste de la India - El Pentecostés presbiteriano de Corea - Goforth y el El avivamiento del norte de China - La gran cosecha china - Los incendios del avivamiento en África - El avivamiento de shantung - El avivamiento de África oriental - El avivamiento en las Hébridas - El fuego del avivamiento en los campus - El Espíritu viene a Asbury - El avivamiento de Asbury en 1970 - El avivamiento se acerca.
563 _aRústico
653 _aavivamientos
942 _cBK
945 _aJTF-925
999 _c38711
_d38711